000 00278nam a22001217a 4500
008 180122b xxu||||| |||| 00| 0 eng d
041 _aeng
080 _a32
100 _a20
101 _aPOL
245 _aTHE WORLD ALMANAC AND BOOK OF FACTS
_cLEE.T.SH
942 _2udc
_cBK
999 _c40649
_d40649